Júliusban érkezik a befektető

Bibliographic Details
Format: Article
Language:Hungarian
Slovak
PhysicalDescription:Fotogr.
ISSN:1336-3638
Subjects:

MARC

LEADER 00000nab a2200000 a 4500
001 vtls011098971
003 SK-MaSNL
005 20260319071249.0
008 151027|2015 xo w| 000 0|hun
015 |a SNBRB2015/10 
038 |a DSZK 
040 |a DSZK  |b slo  |c DSZK  |e AACR2 
041 |a hun  |a slo 
044 |a xo  |c SK 
080 |a 353  |x (437.6)  |2 2001 
245 0 0 |a Júliusban érkezik a befektető  |c [szerző] (raj) 
300 |b Fotogr. 
610 2 7 |a Trnavský samosprávny kraj (Slovensko).  |b Zastupiteľstvo  |2 dszk  |9 1054638 
648 7 |a 22.4.2015  |2 dszk  |9 1098204 
648 7 |a 2015  |2 dszk  |9 337775 
650 0 7 |a zasadania  |2 dszk  |9 284751 
651 7 |a Trnava (Slovensko)  |2 SNKPH  |9 19407 
773 0 |t Csallóköz=Žitný ostrov  |g Évf. 55, sz. 18 (2015), o. 1-2  |x 1336-3638 
852 |a DSZK  |b KIS3GCP 
856 |a http://www.csallokoz.sk 
958 |a SK 
958 |a HU 
999 |c 1804821  |d 1806751